Creatividad con todas sus letras: diccionario de conceptos y expresiones habituales del campo temático de la creatividad
Saved in:
| Hovedforfatter: | |
|---|---|
| Format: | Bog |
| Sprog: | spansk |
| Udgivet: |
Santiago
Universitaria
2008
|
| Udgivelse: | 1a. ed |
| Serier: | Estudios
|
| Fag: | |
| Tags: |
Tilføj Tag
Ingen Tags, Vær først til at tagge denne postø!
|
MARC
| LEADER | 00000nam a2200000 a 4500 | ||
|---|---|---|---|
| 001 | UCH8994 | ||
| 003 | CL-VaPUC | ||
| 008 | 091217e20080000CL |||||||||||||||||spa|d | ||
| 020 | |a 9789561120327 | ||
| 082 | 0 | 4 | |a 150 |b LOP |2 21 |
| 100 | |a López Pérez, Ricardo |e autor |9 569668 | ||
| 245 | 1 | 0 | |a Creatividad con todas sus letras: diccionario de conceptos y expresiones habituales del campo temático de la creatividad |
| 250 | |a 1a. ed | ||
| 300 | |a 246 p | ||
| 942 | |c BK | ||
| 945 | |d 20091217 00:00:00 |a cmena | ||
| 260 | |a Santiago |b Universitaria |c 2008 | ||
| 650 | 0 | |a Psicología |9 257863 | |
| 650 | 0 | |a Creatividad |9 310816 | |
| 650 | 0 | |a Diccionarios |9 256200 | |
| 650 | 0 | |a Aptitud creadora |9 307292 | |
| 583 | |a last modification |c 20091217 00:00:00 |k Rodrigo Vera | ||
| 490 | 0 | |a Estudios | |
| 999 | |c 339073 |d 339071 | ||
| 952 | |0 0 |1 0 |4 0 |6 150_000000000000000_LOP_2008 |7 0 |8 C |9 432462 |a BIBCUR |b BIBCUR |d 2019-11-22 |i 4602714 |o 150 LOP 2008 |p 4602714 |r 2025-04-22 |w 2019-11-22 |y BK |k CAC | ||